Phân loại thực vật

Na minha lista:
Detalhes bibliográficos
Autor principal: Lương, Ngọc Toản
Formato: Livro
Idioma:Undetermined
Publicado em: Hà Nội Giáo dục 1978
Assuntos:
Tags: Adicionar Tag
Sem tags, seja o primeiro a adicionar uma tag!
Thư viện lưu trữ: Trung tâm Học liệu Trường Đại học Cần Thơ
LEADER 00510nam a2200181Ia 4500
001 CTU_8657
008 210402s9999 xx 000 0 und d
082 |a 581.012 
082 |b Ph121/T.1 
100 |a Lương, Ngọc Toản 
245 0 |a Phân loại thực vật 
245 0 |c Lương Ngọc Toản, Võ Văn Chi 
260 |a Hà Nội 
260 |b Giáo dục 
260 |c 1978 
650 |a Botany 
650 |x Classification 
980 |a Trung tâm Học liệu Trường Đại học Cần Thơ